00813nam a2200205 a 450000100100000000500170001000800410002704000250006808200150009324500990010826000420020730000210024949000170027050000380028783000240032504900090034995201130035895201190047199900170059000001637920200929164410.0100304s1983 dr 000 0 spa d aDO-SdBNPbspacBNPHU axxxbC961p00aCuadernos pedagógicos medidas y evaluación /cAna Dolores Guzmán de Camacho... [et al.]. aSanto Domingo :bAlfa y Omega,c1983. a431 p. ;c21 cm.1 aEducativav2 aIncluye notas al pie de páginas 0aEducativan2936525 aBNPD 0010718PDaPDbPDcCTd2010-03-04iLF1l0oxxx C961pp16379-10r2020-06-25w2020-06-25yLFPDZNo se presta 0010718PDaPDbPDcCTd2010-07-09iLF1l0oxxx C961pp16379-20r2020-06-25te. 2w2020-06-25yLFPDZNo se presta c15914d15914